00819nam a22002057a 450000500170000000800410001705000260005810000210008424501320010524600240023725000180026126000330027930000210031244000300033365000510036370000270041494200130044199900190045495201400047320220914083518.0220819b ||||| |||| 00| 0 eng d04aBV5080.E45 bE25 1942 aEckhart, Meister aTraités et sermons / cMaître Eckhart, Traduits de l'allemand par F. A. et J. M. avec une introduction par M. de Gandillac  aTratados y sermones a1a edición  aParis ; bMontaigne, c1942 a270 p. ; c23 cm aPhilosophie de L´esprit  aMisticismo xHistoriaxEdad Media, y600-1500. aGandillac, M. de etr. 2lcccLIB c163819d163817 102lcc4071aLIC-020bLIC-020cFLVd2022-08-19f1a ed.kEHl0oBV5080.E45 E25 1942pBFF000037705 r2022-08-19 00:00:00tC.1v1.00yLIB